| 000 | 00777nam a2200217 a 4500 | ||
|---|---|---|---|
| 005 | 20240911064622.0 | ||
| 008 | 991125s1994 es 000 0 spa u | ||
| 020 | _a8471123681 | ||
| 035 | _aUPN01000022607 | ||
| 049 | _aCG | ||
| 050 | 4 |
_aLB1029 C7 _bB4.38 1994 |
|
| 100 | 1 |
_aBernstein, Basil B., _d1924-2002 _934813 |
|
| 245 | 1 | 3 |
_aLa estructura del discurso pedagógico : _bclases, códigos y control (volumen IV) / _cPor Basil Bernstein ; tr. Pablo Manzano. |
| 260 |
_aMadrid : _bFundación Paideia : _bMorata, _c1994. |
||
| 300 | _a236 p. | ||
| 440 | 0 |
_aPedagogía. _pEducación crítica |
|
| 590 | _a(También localizas un ejemplar en el "Area de Reserva") | ||
| 590 | _aBibliografía Básica (BGTQ) | ||
| 650 | 4 |
_aComunicación en la educación _91520 |
|
| 905 | _aLibro | ||
| 999 |
_c22607 _d22607 |
||